[Event "Tradewise Gibraltar Masters 16th"]
[Site "Gibraltar"]
[Date "2018.01.23"]
[Round "1.42"]
[White "Sandipan, Chanda"]
[Black "Lercel, Michal"]
[Result "1/2-1/2"]
[WhiteElo "2579"]
[BlackElo "2252"]
[PlyCount "172"]
[EventDate "2018.01.23"]
[EventType "swiss"]
[EventRounds "10"]
[EventCountry "GGB"]
[SourceTitle "BritBase"]
[Source "www.saund.co.uk"]
[SourceDate "2018.02.10"]
[SourceVersion "1"]
[SourceVersionDate "2018.02.10"]
[SourceQuality "1"]

1. d4 Nf6 2. c4 e6 3. Nc3 Bb4 4. e3 O-O 5. Bd2 c6 6. Nf3 d5 7. Bd3 dxc4 8. Bxc4
b5 9. Be2 Bb7 10. O-O Nbd7 11. Qc2 Rc8 12. Ne4 Nxe4 13. Bxb4 c5 14. dxc5 Ndxc5
15. Qd1 Qb6 16. Qe1 Bd5 17. b3 Rfe8 18. Nd4 Nd6 19. Rd1 Ncb7 20. Bd3 a5 21.
Bxd6 Nxd6 22. e4 Qxd4 23. exd5 Qc3 24. dxe6 Rxe6 25. Qxc3 Rc7 26. Bxb5 Rxc3 27.
Rd4 Rc2 28. Rd5 g6 29. Bd7 Rf6 30. Rxa5 Ne4 31. Bg4 Rb2 32. Re5 Nd2 33. Rd1 h5
34. Rd5 Ne4 35. Bf3 Nc3 36. Rd8+ Kg7 37. Re1 Nxa2 38. Rb8 Re6 39. Rf1 Nc3 40.
h3 Ne2+ 41. Kh2 Nd4 42. Bd5 Re5 43. Bc4 Rc5 44. Rd1 Nf3+ 45. gxf3 Rxc4 46. bxc4
Rxb8 47. c5 Kf6 48. Kg3 Rb4 49. f4 Rc4 50. Rd5 Rc3+ 51. f3 Rc4 52. h4 Ke6 53.
Rd6+ Ke7 54. Rd5 Ke6 55. Rg5 Kf6 56. Re5 Rc2 57. Rd5 Ke6 58. Rg5 Kf6 59. Kh3
Rc4 60. f5 gxf5 61. Rxh5 Rxc5 62. Rg5 Rc1 63. Rg2 Rh1+ 64. Kg3 Kg6 65. Ra2 f4+
66. Kg4 f5+ 67. Kxf4 Rxh4+ 68. Ke5 Rh3 69. Ra6+ Kg7 70. f4 Rh5 71. Rf6 Kg8 72.
Ke6 Kg7 73. Rf7+ Kg6 74. Rf8 Kg7 75. Rd8 Rh6+ 76. Kxf5 Ra6 77. Rd7+ Kf8 78. Kg5
Rb6 79. Ra7 Kg8 80. f5 Kf8 81. Kf4 Kg8 82. Ke5 Kf8 83. Rc7 Ra6 84. Rd7 Ke8 85.
Rc7 Kf8 86. f6 Ra1 1/2-1/2

[Event "Tradewise Gibraltar Masters 16th"]
[Site "Gibraltar"]
[Date "2018.01.23"]
[Round "1.43"]
[White "Gavilan Diaz, Mario"]
[Black "Ibarra Jerez, Jose Carlos"]
[Result "1/2-1/2"]
[WhiteElo "2251"]
[BlackElo "2577"]
[PlyCount "78"]
[EventDate "2018.01.23"]
[EventType "swiss"]
[EventRounds "10"]
[EventCountry "GGB"]
[SourceTitle "BritBase"]
[Source "www.saund.co.uk"]
[SourceDate "2018.02.10"]
[SourceVersion "1"]
[SourceVersionDate "2018.02.10"]
[SourceQuality "1"]

1. e4 e5 2. Nf3 Nc6 3. Bb5 a6 4. Ba4 g6 5. c3 d6 6. d4 Bd7 7. O-O Bg7 8. Re1
Nf6 9. h3 O-O 10. Nbd2 Re8 11. a3 h6 12. Bc2 Nh5 13. Nf1 Kh7 14. Ne3 Qc8 15.
Nd5 Ne7 16. dxe5 dxe5 17. Be3 Nxd5 18. Qxd5 Be6 19. Qd1 c5 20. a4 Qc7 21. a5
Re7 22. b4 Rd7 23. Qb1 Nf4 24. Bxc5 Qc8 25. Re3 f6 26. Bb3 Qg8 27. Bxe6 Qxe6
28. Qa2 Qc6 29. Qa4 Qxa4 30. Rxa4 Rd1+ 31. Kh2 Nd3 32. Bb6 Rc8 33. Ra2 h5 34.
Rd2 Rxd2 35. Nxd2 Rxc3 36. Nb1 Rb3 37. Nd2 Rc3 38. Nb1 Rb3 39. Nd2 Rc3 1/2-1/2

[Event "Tradewise Gibraltar Masters 16th"]
[Site "Gibraltar"]
[Date "2018.01.23"]
[Round "1.44"]
[White "Tregubov, Pavel V"]
[Black "Mifsud, T."]
[Result "1-0"]
[WhiteElo "2575"]
[BlackElo "2250"]
[PlyCount "47"]
[EventDate "2018.01.23"]
[EventType "swiss"]
[EventRounds "10"]
[EventCountry "GGB"]
[SourceTitle "BritBase"]
[Source "www.saund.co.uk"]
[SourceDate "2018.02.10"]
[SourceVersion "1"]
[SourceVersionDate "2018.02.10"]
[SourceQuality "1"]

1. d4 d5 2. c4 e6 3. Nf3 c6 4. e3 f5 5. Bd3 Nf6 6. O-O Bd6 7. b3 Qe7 8. Bb2 O-O
9. Ne5 b6 10. Nc3 a6 11. Rc1 c5 12. cxd5 Nxd5 13. Bc4 Nc7 14. dxc5 Bxe5 15.
cxb6 Ne8 16. Nd5 Qd6 17. Bxe5 Qxe5 18. Ne7+ Kh8 19. Nxc8 Nc6 20. b7 Rb8 21. Nb6
Qc7 22. Nd7 Rd8 23. Bxe6 Qxb7 24. Qf3 1-0

[Event "Tradewise Gibraltar Masters 16th"]
[Site "Gibraltar"]
[Date "2018.01.23"]
[Round "1.45"]
[White "Oglaza, Oskar"]
[Black "Narayanan, SL."]
[Result "0-1"]
[WhiteElo "2245"]
[BlackElo "2573"]
[PlyCount "190"]
[EventDate "2018.01.23"]
[EventType "swiss"]
[EventRounds "10"]
[EventCountry "GGB"]
[SourceTitle "BritBase"]
[Source "www.saund.co.uk"]
[SourceDate "2018.02.10"]
[SourceVersion "1"]
[SourceVersionDate "2018.02.10"]
[SourceQuality "1"]

1. e4 e5 2. Nf3 Nc6 3. d4 exd4 4. Nxd4 Nf6 5. Nxc6 bxc6 6. Qe2 Rb8 7. Nc3 Bb4
8. Bd2 O-O 9. O-O-O Re8 10. f3 d5 11. Qf2 Qe7 12. Re1 Be6 13. Bd3 d4 14. Qxd4
c5 15. Qf2 c4 16. Nd5 Bxd2+ 17. Qxd2 Nxd5 18. exd5 Qf6 19. c3 cxd3 20. dxe6
Rxe6 21. Rxe6 Qxe6 22. Qxd3 Qxa2 23. Qc2 a5 24. Re1 a4 25. Qb1 Qb3 26. Qc2 Qb5
27. Qe2 Qc6 28. Qe4 Qh6+ 29. Qe3 g5 30. Qa7 g4+ 31. Kb1 Rxb2+ 32. Kxb2 Qd2+ 33.
Ka3 Qxc3+ 34. Kxa4 Qxe1 35. Qxc7 gxf3 36. Qc8+ Kg7 37. Qg4+ Kf8 38. gxf3 Qe8+
39. Kb3 Qe3+ 40. Ka4 Qe8+ 41. Kb3 Qe3+ 42. Ka4 h6 43. h4 Qc5 44. Qf4 h5 45. Kb3
Ke7 46. Qe4+ Kf6 47. Qf4+ Ke6 48. Qe4+ Kf6 49. Qf4+ Qf5 50. Qg3 Qe5 51. f4 Qe6+
52. Kc3 Qg4 53. Qf2 Qc8+ 54. Kd2 Kf5 55. Qd4 f6 56. Qd5+ Kg4 57. Qg2+ Kxh4 58.
Qf2+ Kg4 59. Qe2+ Kxf4 60. Qxh5 Qg4 61. Qf7 f5 62. Qc7+ Kf3 63. Qc3+ Kg2 64.
Qc6+ Kh2 65. Qh6+ Kg3 66. Qb6 Qe4 67. Qb3+ Kg2 68. Qb2 f4 69. Kd1+ Kg1 70. Qb6+
Kg2 71. Qb2+ Kf3 72. Qb3+ Qe3 73. Qd5+ Kf2 74. Qa2+ Kg1 75. Qg8+ Qg3 76. Qd5 f3
77. Qd4+ f2 78. Ke2 Qg2 79. Qa7 Qe4+ 80. Kd2 Kg2 81. Qg7+ Kf1 82. Qf6 Qe2+ 83.
Kc3 Ke1 84. Qh4 Qf3+ 85. Kc2 Qf5+ 86. Kc3 Ke2 87. Qc4+ Kf3 88. Qf1 Qe5+ 89. Kb3
Qe3+ 90. Ka4 Kg3 91. Kb5 Qe5+ 92. Ka6 Qf6+ 93. Ka7 Qf3 94. Kb6 Kh2 95. Kc5 Qg2
0-1

[Event "Tradewise Gibraltar Masters 16th"]
[Site "Gibraltar"]
[Date "2018.01.23"]
[Round "1.46"]
[White "Ju, Wenjun"]
[Black "Plotkin, Victor"]
[Result "1/2-1/2"]
[WhiteElo "2572"]
[BlackElo "2242"]
[PlyCount "101"]
[EventDate "2018.01.23"]
[EventType "swiss"]
[EventRounds "10"]
[EventCountry "GGB"]
[SourceTitle "BritBase"]
[Source "www.saund.co.uk"]
[SourceDate "2018.02.10"]
[SourceVersion "1"]
[SourceVersionDate "2018.02.10"]
[SourceQuality "1"]

1. c4 Nf6 2. Nc3 e6 3. e4 d5 4. e5 d4 5. exf6 dxc3 6. bxc3 Qxf6 7. Nf3 c5 8. d4
h6 9. Bd3 cxd4 10. cxd4 Bb4+ 11. Bd2 Bxd2+ 12. Qxd2 O-O 13. O-O Nc6 14. Be4 Bd7
15. c5 Rfd8 16. Rab1 Rab8 17. Rfc1 Be8 18. Qe3 Qe7 19. h4 Qc7 20. Bc2 Ne7 21.
Qd3 g6 22. h5 Qf4 23. hxg6 Nxg6 24. Qe3 Qxe3 25. fxe3 Ne7 26. Ne5 b6 27. Be4
bxc5 28. Rxb8 Rxb8 29. Rxc5 Rc8 30. Kf2 f6 31. Nd3 Rxc5 32. dxc5 Bc6 33. Bxc6
Nxc6 34. Kg3 Kf7 35. Kg4 e5 36. Kh5 Ne7 37. e4 f5 38. exf5 e4 39. Nf2 e3 40.
Nd3 Nxf5 41. g4 Ne7 42. Kxh6 Ke6 43. g5 Kd5 44. g6 Kd4 45. Nf4 Kxc5 46. g7 Nf5+
47. Kg6 Nxg7 48. Kxg7 Kb4 49. Nd5+ Ka3 50. Nxe3 Kxa2 51. Kf6 1/2-1/2

[Event "Tradewise Gibraltar Masters 16th"]
[Site "Gibraltar"]
[Date "2018.01.23"]
[Round "1.47"]
[White "Nandhidhaa, PV."]
[Black "Moussard, Jules"]
[Result "0-1"]
[WhiteElo "2238"]
[BlackElo "2571"]
[PlyCount "52"]
[EventDate "2018.01.23"]
[EventType "swiss"]
[EventRounds "10"]
[EventCountry "GGB"]
[SourceTitle "BritBase"]
[Source "www.saund.co.uk"]
[SourceDate "2018.02.10"]
[SourceVersion "1"]
[SourceVersionDate "2018.02.10"]
[SourceQuality "1"]

1. e4 g6 2. d4 d6 3. Nc3 Bg7 4. Be3 a6 5. Qd2 b5 6. f3 Nf6 7. Bh6 Bxh6 8. Qxh6
e5 9. O-O-O Qe7 10. Nd5 Nxd5 11. exd5 Nd7 12. dxe5 dxe5 13. f4 e4 14. f5 Bb7
15. fxg6 fxg6 16. a4 bxa4 17. Qe3 O-O-O 18. Nh3 Nf6 19. c4 c6 20. Nf4 Kb8 21.
Be2 cxd5 22. Nxd5 Bxd5 23. cxd5 Nxd5 24. Qd4 Qb7 25. Bc4 Qc7 26. Kb1 Nb6 0-1

[Event "Tradewise Gibraltar Masters 16th"]
[Site "Gibraltar"]
[Date "2018.01.23"]
[Round "1.48"]
[White "Muzychuk, Anna"]
[Black "Serarols Mabras, Bernat"]
[Result "1-0"]
[WhiteElo "2571"]
[BlackElo "2235"]
[PlyCount "101"]
[EventDate "2018.01.23"]
[EventType "swiss"]
[EventRounds "10"]
[EventCountry "GGB"]
[SourceTitle "BritBase"]
[Source "www.saund.co.uk"]
[SourceDate "2018.02.10"]
[SourceVersion "1"]
[SourceVersionDate "2018.02.10"]
[SourceQuality "1"]

1. e4 c6 2. d4 d5 3. Nc3 dxe4 4. Nxe4 Bf5 5. Ng3 Bg6 6. Nf3 Nd7 7. h4 h6 8. h5
Bh7 9. Bd3 Bxd3 10. Qxd3 e6 11. Bd2 Be7 12. O-O-O Ngf6 13. Ne4 Nxe4 14. Qxe4
Nf6 15. Qe2 Qd5 16. Kb1 Qe4 17. Qxe4 Nxe4 18. Be3 f5 19. Rde1 Bf6 20. Ne5 Bxe5
21. dxe5 b6 22. f3 Ng5 23. Rd1 Rd8 24. c4 Ke7 25. c5 b5 26. Rd6 Rc8 27. Bf2 Rc7
28. Rhd1 Rhc8 29. Be1 Kf8 30. Ba5 Re7 31. Rd8+ Re8 32. Rxc8 Rxc8 33. Rd7 a6 34.
Ra7 f4 35. Bc7 Nf7 36. Bd6+ Kg8 37. a4 g6 38. Rxa6 gxh5 39. a5 Kg7 40. Rb6 h4
41. a6 Ra8 42. Be7 Ng5 43. Bxg5 hxg5 44. Rxc6 Kg6 45. Rxe6+ Kf5 46. Rd6 Kxe5
47. Kc2 Rc8 48. Kb3 Rxc5 49. Rd8 Rc7 50. Kb4 g4 51. fxg4 1-0

[Event "Tradewise Gibraltar Masters 16th"]
[Site "Gibraltar"]
[Date "2018.01.23"]
[Round "1.49"]
[White "Maisuradze, Nino"]
[Black "Esipenko, Andrey"]
[Result "0-1"]
[WhiteElo "2234"]
[BlackElo "2571"]
[PlyCount "68"]
[EventDate "2018.01.23"]
[EventType "swiss"]
[EventRounds "10"]
[EventCountry "GGB"]
[SourceTitle "BritBase"]
[Source "www.saund.co.uk"]
[SourceDate "2018.02.10"]
[SourceVersion "1"]
[SourceVersionDate "2018.02.10"]
[SourceQuality "1"]

1. d4 Nf6 2. c4 e6 3. Nf3 b6 4. a3 Bb7 5. Nc3 d5 6. cxd5 Nxd5 7. Qa4+ c6 8. e4
Nxc3 9. bxc3 Be7 10. Bd3 Nd7 11. Qc2 Qc7 12. O-O c5 13. Qe2 O-O 14. Be3 Nf6 15.
Nd2 Rac8 16. f4 cxd4 17. cxd4 Qc3 18. Rab1 Qa5 19. f5 exf5 20. Rxf5 Qxa3 21.
Rbf1 Rc1 22. Rg5 Rxf1+ 23. Nxf1 Bxe4 24. Bxe4 Nxe4 25. Rxg7+ Kxg7 26. Qg4+ Kh8
27. Qxe4 f5 28. Qe5+ Bf6 29. Qe6 Qe7 30. Qxf5 Bg7 31. Qd3 a5 32. Ng3 a4 33. d5
Qb4 34. d6 a3 0-1

[Event "Tradewise Gibraltar Masters 16th"]
[Site "Gibraltar"]
[Date "2018.01.23"]
[Round "1.50"]
[White "Grigoriants, Sergey"]
[Black "Kvisla, Johannes Luangtep"]
[Result "1-0"]
[WhiteElo "2568"]
[BlackElo "2234"]
[PlyCount "73"]
[EventDate "2018.01.23"]
[EventType "swiss"]
[EventRounds "10"]
[EventCountry "GGB"]
[SourceTitle "BritBase"]
[Source "www.saund.co.uk"]
[SourceDate "2018.02.10"]
[SourceVersion "1"]
[SourceVersionDate "2018.02.10"]
[SourceQuality "1"]

1. e4 c5 2. Nf3 d6 3. Bb5+ Nd7 4. O-O a6 5. Bd3 Ngf6 6. Qe2 Ne5 7. Nxe5 dxe5 8.
a4 g6 9. a5 Bg7 10. Bc4 O-O 11. d3 Nh5 12. Be3 Nf4 13. Qd2 Qd6 14. Nc3 Be6 15.
f3 Bxc4 16. dxc4 Qxd2 17. Bxd2 Rfd8 18. Be3 Ne6 19. Nd5 Bf6 20. Nb6 Rab8 21. c3
Bg5 22. Bxg5 Nxg5 23. Rad1 Rd6 24. Rd5 Rxd5 25. exd5 f6 26. b4 cxb4 27. cxb4
Rd8 28. c5 Nf7 29. Rc1 Kf8 30. c6 Nd6 31. c7 Rc8 32. Rc5 Ke8 33. b5 axb5 34.
Nxc8 Nxc8 35. Rxb5 Kd7 36. Rxb7 Nd6 37. c8=Q+ 1-0

[Event "Tradewise Gibraltar Masters 16th"]
[Site "Gibraltar"]
[Date "2018.01.23"]
[Round "1.51"]
[White "Paramzina, Anastasya"]
[Black "Huzman, Alexander"]
[Result "0-1"]
[WhiteElo "2225"]
[BlackElo "2561"]
[PlyCount "94"]
[EventDate "2018.01.23"]
[EventType "swiss"]
[EventRounds "10"]
[EventCountry "GGB"]
[SourceTitle "BritBase"]
[Source "www.saund.co.uk"]
[SourceDate "2018.02.10"]
[SourceVersion "1"]
[SourceVersionDate "2018.02.10"]
[SourceQuality "1"]

1. e4 e6 2. d4 d5 3. Nd2 a6 4. Ngf3 c5 5. exd5 exd5 6. dxc5 Bxc5 7. Nb3 Bb6 8.
Bg5 Ne7 9. Qd2 h6 10. Bf4 Nbc6 11. O-O-O Bg4 12. h3 Bxf3 13. gxf3 Qd7 14. h4
Qf5 15. Bd3 Qf6 16. Kb1 O-O-O 17. Rh2 Ng6 18. Bxg6 fxg6 19. Rg2 Rhf8 20. Rg4
Qf5 21. Bg3 d4 22. a3 d3 23. cxd3 Qxf3 24. Rxg6 Qf7 25. Rxc6+ bxc6 26. Na5 Bxa5
27. Qxa5 Kb7 28. Qb4+ Ka8 29. Be5 Rd5 30. f4 g5 31. hxg5 hxg5 32. Qc4 Qb7 33.
a4 Qb6 34. Qe4 gxf4 35. Bg7 Rff5 36. Qe8+ Rd8 37. Qg6 Rfd5 38. Rc1 Kb7 39. Bf6
R8d7 40. d4 f3 41. Be5 f2 42. Qf6 Ka7 43. Rf1 Qb3 44. Qxf2 Qxa4 45. Rg1 Rb7 46.
Re1 Rxb2+ 47. Qxb2 Rb5 0-1

[Event "Tradewise Gibraltar Masters 16th"]
[Site "Gibraltar"]
[Date "2018.01.23"]
[Round "1.52"]
[White "Kosteniuk, Alexandra"]
[Black "Richards, Heather S"]
[Result "0-1"]
[WhiteElo "2561"]
[BlackElo "2223"]
[PlyCount "126"]
[EventDate "2018.01.23"]
[EventType "swiss"]
[EventRounds "10"]
[EventCountry "GGB"]
[SourceTitle "BritBase"]
[Source "www.saund.co.uk"]
[SourceDate "2018.02.10"]
[SourceVersion "1"]
[SourceVersionDate "2018.02.10"]
[SourceQuality "1"]

1. e4 d6 2. d4 Nf6 3. Nc3 c6 4. Be3 Qb6 5. a3 Ng4 6. Bg5 e5 7. Nf3 h6 8. Bh4
Nd7 9. Be2 Ngf6 10. b4 Be7 11. O-O O-O 12. Bc4 exd4 13. Qxd4 Qxd4 14. Nxd4 Ne5
15. Bb3 c5 16. Ndb5 Bd7 17. bxc5 dxc5 18. Bg3 Ng6 19. Nc7 Rac8 20. Rad1 Bc6 21.
N7d5 c4 22. Nxe7+ Nxe7 23. Bxc4 Nxe4 24. Nxe4 Bxe4 25. Bb3 Nf5 26. Rd7 Bc6 27.
Rd2 Nxg3 28. fxg3 Rce8 29. h4 g6 30. Rdf2 Re7 31. Rf6 Re2 32. Rxg6+ Kh7 33.
Rxf7+ Rxf7 34. Bxf7 Re7 35. Rxc6 bxc6 36. Bb3 Re2 37. Kh2 h5 38. Ba4 c5 39. Bb5
Re3 40. Bd3+ Kg7 41. a4 Re1 42. g4 hxg4 43. Kg3 Ra1 44. Bb5 Ra2 45. c4 Rc2 46.
Ba6 Kf6 47. Bb5 Rd2 48. Ba6 Rd4 49. a5 Rd2 50. Bb7 Rd4 51. Ba6 Kg6 52. Bc8 Rxc4
53. Bxg4 Ra4 54. Bd1 Rxa5 55. Kf4 Ra1 56. Be2 Ra4+ 57. Ke5 Rd4 58. Ba6 Kh5 59.
g3 Kg4 60. Be2+ Kxg3 61. h5 a5 62. h6 a4 63. h7 Rh4 0-1

[Event "Tradewise Gibraltar Masters 16th"]
[Site "Gibraltar"]
[Date "2018.01.23"]
[Round "1.53"]
[White "Estrada Nieto, Julian"]
[Black "Peralta, Fernando"]
[Result "0-1"]
[WhiteElo "2222"]
[BlackElo "2559"]
[PlyCount "86"]
[EventDate "2018.01.23"]
[EventType "swiss"]
[EventRounds "10"]
[EventCountry "GGB"]
[SourceTitle "BritBase"]
[Source "www.saund.co.uk"]
[SourceDate "2018.02.10"]
[SourceVersion "1"]
[SourceVersionDate "2018.02.10"]
[SourceQuality "1"]

1. e4 d6 2. d4 Nf6 3. Nc3 g6 4. Nf3 Bg7 5. Be2 O-O 6. O-O c6 7. a4 Nbd7 8. a5
Qc7 9. Be3 e5 10. dxe5 dxe5 11. Bc4 Ng4 12. Bg5 Nc5 13. Nd2 h6 14. Bh4 Nf6 15.
Qb1 Ne6 16. Rd1 Nh5 17. Nf1 Nhf4 18. Ne3 Nd4 19. b4 Bd7 20. Na4 b5 21. axb6
axb6 22. Nc3 b5 23. Bf1 Be6 24. Qb2 f5 25. Rxa8 Rxa8 26. Ra1 Rxa1 27. Qxa1 Nh3+
28. Kh1 f4 29. gxh3 fxe3 30. fxe3 Nxc2 31. Qc1 Qf7 32. Kg1 Nxb4 33. Nd1 Qd7 34.
Nf2 Qd6 35. Qb2 h5 36. Bg3 Qc5 37. Qa3 Kh7 38. Kg2 Bc4 39. Bxc4 Qxc4 40. Qa7
Nd3 41. Nxd3 Qxd3 42. Bh4 Qxe4+ 43. Kg3 Qf5 0-1

[Event "Tradewise Gibraltar Masters 16th"]
[Site "Gibraltar"]
[Date "2018.01.23"]
[Round "1.54"]
[White "Lagno, Kateryna"]
[Black "Midonet, Matthieu"]
[Result "1-0"]
[WhiteElo "2556"]
[BlackElo "2213"]
[PlyCount "85"]
[EventDate "2018.01.23"]
[EventType "swiss"]
[EventRounds "10"]
[EventCountry "GGB"]
[SourceTitle "BritBase"]
[Source "www.saund.co.uk"]
[SourceDate "2018.02.10"]
[SourceVersion "1"]
[SourceVersionDate "2018.02.10"]
[SourceQuality "1"]

1. e4 c5 2. Nf3 Nc6 3. d4 cxd4 4. Nxd4 e5 5. Nb5 d6 6. c4 Be7 7. N1c3 a6 8. Na3
f5 9. exf5 Bxf5 10. Nc2 Nf6 11. Ne3 Be6 12. g3 O-O 13. Bg2 Qd7 14. O-O Rae8 15.
Ned5 Bd8 16. Nxf6+ Bxf6 17. Nd5 Bd8 18. Be3 Kh8 19. Qd2 Ne7 20. Rad1 Nf5 21. c5
Nxe3 22. Nxe3 Bxa2 23. b4 Bb3 24. Qxd6 Qf7 25. Bd5 Bxd5 26. Qxd5 Qc7 27. Nc4
Be7 28. Rfe1 Rd8 29. Qxe5 Qxe5 30. Nxe5 Kg8 31. Rxd8 Rxd8 32. Nc6 bxc6 33. Rxe7
Rb8 34. Ra7 Rxb4 35. Rxa6 Kf7 36. Rxc6 g5 37. Kg2 Rb3 38. h3 Rc3 39. Rc8 Ke6
40. Rh8 Rxc5 41. Rxh7 Kf6 42. Ra7 Rc6 43. Ra4 1-0

[Event "Tradewise Gibraltar Masters 16th"]
[Site "Gibraltar"]
[Date "2018.01.23"]
[Round "1.55"]
[White "Semprun Martinez, Fernando"]
[Black "Vasquez Schroeder, Rodrigo"]
[Result "1/2-1/2"]
[WhiteElo "2209"]
[BlackElo "2554"]
[PlyCount "71"]
[EventDate "2018.01.23"]
[EventType "swiss"]
[EventRounds "10"]
[EventCountry "GGB"]
[SourceTitle "BritBase"]
[Source "www.saund.co.uk"]
[SourceDate "2018.02.10"]
[SourceVersion "1"]
[SourceVersionDate "2018.02.10"]
[SourceQuality "1"]

1. d4 Nf6 2. c4 e6 3. Nf3 c5 4. d5 d6 5. Nc3 exd5 6. cxd5 g6 7. e4 a6 8. a4 Bg4
9. Be2 Bxf3 10. Bxf3 Bg7 11. Bf4 O-O 12. O-O Qe7 13. Re1 Nbd7 14. e5 dxe5 15.
d6 Qe6 16. Bxb7 Ra7 17. Bf3 Rb8 18. Qd2 Rb6 19. Rad1 Bf8 20. Bg3 Rxd6 21. Qe2
Rxd1 22. Rxd1 h5 23. h3 Be7 24. Nd5 Nxd5 25. Bxd5 Qf6 26. Rd3 Qg5 27. h4 Qf5
28. Rf3 Qb1+ 29. Kh2 Nf6 30. Bxf7+ Kxf7 31. Qc4+ Ke8 32. Rxf6 Bxf6 33. Qg8+ Kd7
34. Qd5+ Ke8 35. Qg8+ Kd7 36. Qd5+ 1/2-1/2

[Event "Tradewise Gibraltar Masters 16th"]
[Site "Gibraltar"]
[Date "2018.01.23"]
[Round "1.56"]
[White "Michalik, Peter"]
[Black "Longa Yauca, Javier"]
[Result "1/2-1/2"]
[WhiteElo "2553"]
[BlackElo "2198"]
[PlyCount "219"]
[EventDate "2018.01.23"]
[EventType "swiss"]
[EventRounds "10"]
[EventCountry "GGB"]
[SourceTitle "BritBase"]
[Source "www.saund.co.uk"]
[SourceDate "2018.02.10"]
[SourceVersion "1"]
[SourceVersionDate "2018.02.10"]
[SourceQuality "1"]

1. d4 Nf6 2. c4 e6 3. Nf3 b6 4. g3 Bb7 5. Bg2 Bb4+ 6. Bd2 a5 7. O-O Bxd2 8.
Qxd2 O-O 9. Qc2 Be4 10. Qc1 Nc6 11. Rd1 Ne7 12. Nc3 d5 13. Nxe4 Nxe4 14. Ne5
Qd6 15. Qf4 f5 16. cxd5 exd5 17. Nd3 Qxf4 18. Nxf4 c6 19. Rac1 Rf6 20. Rc2 Rd8
21. Rdc1 g5 22. Nd3 Re6 23. h3 Kg7 24. e3 h6 25. g4 fxg4 26. hxg4 Nf6 27. Bf3
Rf8 28. b4 Ne4 29. Bg2 axb4 30. Rb2 Ra8 31. Rxb4 b5 32. Rc2 Nd6 33. Nc5 Rf6 34.
a4 bxa4 35. Nxa4 Rff8 36. Rcb2 h5 37. Nc5 Ra1+ 38. Rb1 Rxb1+ 39. Rxb1 Kh6 40.
gxh5 Kxh5 41. Nd7 Ra8 42. Bf3+ Kg6 43. Bg4 Ra2 44. Ne5+ Kg7 45. Bf3 Rc2 46. Rb6
Ndf5 47. Rb7 Kf6 48. Bg4 Nd6 49. Rd7 Ne4 50. Rd8 Ng6 51. Re8 Nh4 52. Rf8+ Kg7
53. Rf7+ Kh8 54. Be6 Nd6 55. Rc7 Ne4 56. Nf7+ Kg7 57. Nxg5+ Kf6 58. Nxe4+ dxe4
59. Bd5 Nf3+ 60. Kg2 cxd5 61. Rd7 Rc1 62. Kg3 Ng5 63. Kg2 Kf5 64. Rd8 Nf3 65.
Rf8+ Kg5 66. Rd8 Kf5 67. Rf8+ Ke6 68. Re8+ Kd7 69. Ra8 Rg1+ 70. Kh3 Rh1+ 71.
Kg3 Ng5 72. Ra5 Kd6 73. Ra6+ Ke7 74. Ra5 Ke6 75. Ra6+ Kf5 76. Ra8 Rg1+ 77. Kh2
Nf3+ 78. Kh3 Rb1 79. Rf8+ Ke6 80. Re8+ Kd7 81. Ra8 Rb6 82. Ra7+ Ke6 83. Ra5 Rb8
84. Rc5 Kd6 85. Ra5 Rh8+ 86. Kg3 Rg8+ 87. Kh3 Rf8 88. Ra6+ Kc7 89. Ra1 Nd2 90.
Kg3 Kb6 91. Rd1 Nc4 92. Rb1+ Ka5 93. Kg2 Rg8+ 94. Kh2 Ka4 95. Rb7 Rg6 96. Rd7
Rd6 97. Rb7 Nb6 98. Kg2 Kb3 99. Kf1 Kc3 100. Ke2 Nc4 101. Rb5 Rd7 102. Rc5 Kb4
103. Kf1 Nb2 104. Rc8 Rf7 105. Rh8 Kc3 106. Ke2 Nd3 107. Rc8+ Kb4 108. Rb8+ Ka4
109. Ra8+ Kb3 110. Rb8+ 1/2-1/2

[Event "Tradewise Gibraltar Masters 16th"]
[Site "Gibraltar"]
[Date "2018.01.23"]
[Round "1.57"]
[White "Van Zyl-Rudd, Jack"]
[Black "Perez Ponsa, Federico"]
[Result "0-1"]
[WhiteElo "2197"]
[BlackElo "2553"]
[PlyCount "30"]
[EventDate "2018.01.23"]
[EventType "swiss"]
[EventRounds "10"]
[EventCountry "GGB"]
[SourceTitle "BritBase"]
[Source "www.saund.co.uk"]
[SourceDate "2018.02.10"]
[SourceVersion "1"]
[SourceVersionDate "2018.02.10"]
[SourceQuality "1"]

1. d4 Nf6 2. Bg5 c5 3. Nc3 cxd4 4. Qxd4 Nc6 5. Qh4 d6 6. O-O-O Bd7 7. e4 Rc8 8.
f4 Qa5 9. Nf3 Nb4 10. Bxf6 gxf6 11. a3 Rxc3 12. axb4 Qa1+ 13. Kd2 Qxb2 14. Bd3
Qxb4 15. Rb1 Rb3+ 0-1

[Event "Tradewise Gibraltar Masters 16th"]
[Site "Gibraltar"]
[Date "2018.01.23"]
[Round "1.58"]
[White "Pichot, Alan"]
[Black "Walton, Alan J"]
[Result "1-0"]
[WhiteElo "2552"]
[BlackElo "2194"]
[PlyCount "45"]
[EventDate "2018.01.23"]
[EventType "swiss"]
[EventRounds "10"]
[EventCountry "GGB"]
[SourceTitle "BritBase"]
[Source "www.saund.co.uk"]
[SourceDate "2018.02.10"]
[SourceVersion "1"]
[SourceVersionDate "2018.02.10"]
[SourceQuality "1"]

1. e4 e6 2. d4 d5 3. Nd2 Nf6 4. e5 Nfd7 5. Bd3 c5 6. c3 Nc6 7. Ngf3 f6 8. Qe2
fxe5 9. Nxe5 Ndxe5 10. dxe5 Qc7 11. f4 Bd7 12. Qh5+ Kd8 13. Nf3 c4 14. Ng5 cxd3
15. Nf7+ Kc8 16. Nxh8 Bc5 17. Qxh7 Qb6 18. Qxd3 Bf2+ 19. Kd1 d4 20. Nf7 dxc3
21. bxc3 Bc5 22. Rb1 Qa5 23. Qb5 1-0

[Event "Tradewise Gibraltar Masters 16th"]
[Site "Gibraltar"]
[Date "2018.01.23"]
[Round "1.59"]
[White "Gonzalez Gonzalez, Alfonso"]
[Black "Deac, Bogdan-Daniel"]
[Result "0-1"]
[WhiteElo "2192"]
[BlackElo "2549"]
[PlyCount "58"]
[EventDate "2018.01.23"]
[EventType "swiss"]
[EventRounds "10"]
[EventCountry "GGB"]
[SourceTitle "BritBase"]
[Source "www.saund.co.uk"]
[SourceDate "2018.02.10"]
[SourceVersion "1"]
[SourceVersionDate "2018.02.10"]
[SourceQuality "1"]

1. c4 c5 2. g3 g6 3. Bg2 Bg7 4. Nc3 Nc6 5. Nf3 e6 6. O-O Nge7 7. Rb1 d5 8. cxd5
exd5 9. a3 h6 10. Na4 c4 11. b3 Bf5 12. Bb2 O-O 13. Bxg7 Kxg7 14. Rb2 b5 15.
Nc3 a6 16. d4 Qa5 17. Qd2 Qxa3 18. b4 Nxb4 19. g4 Be4 20. g5 Nbc6 21. gxh6+ Kh8
22. Ra2 Qd6 23. Rfa1 Bxf3 24. Bxf3 b4 25. Nxd5 Nxd5 26. Qg5 Nc7 27. Bxc6 Qxc6
28. Ra5 Qd6 29. Rd1 Nb5 0-1

[Event "Tradewise Gibraltar Masters 16th"]
[Site "Gibraltar"]
[Date "2018.01.23"]
[Round "1.60"]
[White "Baron, Tal"]
[Black "Bendayan Claros, Aaron"]
[Result "1-0"]
[WhiteElo "2548"]
[BlackElo "2191"]
[PlyCount "67"]
[EventDate "2018.01.23"]
[EventType "swiss"]
[EventRounds "10"]
[EventCountry "GGB"]
[SourceTitle "BritBase"]
[Source "www.saund.co.uk"]
[SourceDate "2018.02.10"]
[SourceVersion "1"]
[SourceVersionDate "2018.02.10"]
[SourceQuality "1"]

1. d4 Nf6 2. c4 e6 3. Nc3 Bb4 4. f3 d5 5. a3 Bxc3+ 6. bxc3 c5 7. cxd5 Nxd5 8.
dxc5 Qa5 9. e4 Nf6 10. Be3 Nfd7 11. Rb1 a6 12. Kf2 O-O 13. c4 Nxc5 14. Qd6 Nbd7
15. Rb4 b6 16. Be2 Bb7 17. Bxc5 Nxc5 18. Qxb6 Qxb6 19. Rxb6 Rfc8 20. Nh3 a5 21.
Rd1 Kf8 22. Ke3 Rc7 23. Rdb1 Ra7 24. Kd4 Ke7 25. R6b5 Na4 26. Rh5 Ba6 27. Rxa5
Rd7+ 28. Ke3 Nc3 29. Rb6 Bc8 30. Rxa7 Rxa7 31. Rb8 Ba6 32. Bd3 Rc7 33. Rb4 e5
34. Kd2 1-0